000 00491 a2200169 4500
999 _c4961
_d4961
020 _a9780431139289
050 _aRC 585 SPI 2001
100 _aSpilsbury, Louise
245 _aWhat Does It Mean To Have Allergies?/
_cLouise Spilsbury
264 _aOxford :
_bHeinemann Library,
_c2001
300 _a32 p.
_bill. (col)
500 _aincludes index
650 _aAllergy -- Juvenile literature.
650 _aAllergy.
650 _a Allergy in children.
942 _2lcc
_cBK
_h585
_iSPI
_k2001